| 000 | 00519cam a22001457a 4500 | ||
|---|---|---|---|
| 008 | 180718b1995 xxu||||| |||| 00| 0 eng d | ||
| 020 | _a9171063706 | ||
| 082 | _aT19x678 G352 | ||
| 245 |
_aLiberalised development in Tanzania: studies on accumulation processes and local institutions _cedited by Peter Gibbon |
||
| 260 |
_aSweden _bNordiska Afrikainstitute _c1995 |
||
| 300 | _a176p. | ||
| 650 | _aIndustry and state - Tanzania | ||
| 650 | _aTanzania - Economic policy (structural adjustment) | ||
| 700 | _aGibbon, Peter | ||
| 999 |
_c379389 _d379389 |
||